00463nam a22001697a 450000500170000001000130001702000260003003500130005603700190006908200060008810000180009424500470011226000430015927000450020230000230024749000230027020111209164433.0 aB-444567 a9781865049939c195.00 aB-444567 bBlueberry /Ven aS aRodda, Emily  aThe sister of the South /cby Emily Rodda  aLindfield NSWbScholastic Press c2007 a345 Pacific HighwaybLindfield NSWe2070 a192p. c20cm(pbk)  aDeltora Quest 3; 4